000 01649cam a22002174a 4500
005 20250605164206.0
008 250528s ||||||||||||||||||||||||d
035 _a19936
020 _a9603512168
040 _aGR-AtMCL
_bgre
_dGR-AtMCL
_eAACR2
245 1 _aΠληροφοριακά Συστήματα Διοίκησης / Ανάλυση και Σχεδιασμός
260 _bΣταμούλης Α,
_c1990
300 _a320
505 0 _aΠρόλογος, Βασικές Έννοιες, Κύκλος Ζωής των Πληροφοριακών Συστημάτων, Τεχνικές Ανάλυσης και Σχεδιασμου Πληροφοριακών Συστημάτων, Ανάλυση Πληροφοριών, Αρχεία Δεδομένων, Βάσεις Δεδομένων, Δίκτυα Υπολογιστών, Μέθοδοι Επεξεργασίας Δεδομένων, Διοίκηση Έργων, Βιβλιογραφία.
520 _aΠρόλογος, Βασικές Έννοιες, Κύκλος Ζωής των Πληροφοριακών Συστημάτων, Τεχνικές Ανάλυσης και Σχεδιασμου Πληροφοριακών Συστημάτων, Ανάλυση Πληροφοριών, Αρχεία Δεδομένων, Βάσεις Δεδομένων, Δίκτυα Υπολογιστών, Μέθοδοι Επεξεργασίας Δεδομένων, Διοίκηση Έργων, Βιβλιογραφία.
700 1 _aΒασιλακόπουλος Γεώργιος
_92874
700 1 _aΧρυσικόπουλος Βασίλειος
_94615
942 _cBK
999 _c5176
_d5176